Topics in dynamic bifurcation theory
Αποθηκεύτηκε σε:
| Κύριος συγγραφέας: | |
|---|---|
| Συγγραφή απο Οργανισμό/Αρχή: | |
| Μορφή: | Βιβλίο |
| Γλώσσα: | English |
| Δημοσίευση: |
Providence, R.I. :
Published for the Conference Board of the Mathematical Sciences by the American Mathematical Society,
c1981
|
| Σειρά: | Regional conference series in mathematics ;
; 47 |
| Θέματα: | |
| Ετικέτες: |
Προσθήκη ετικέτας
Δεν υπάρχουν, Καταχωρήστε ετικέτα πρώτοι!
|
MARC
| LEADER | 00000cam a2200000 i 4500 | ||
|---|---|---|---|
| 001 | 1/47293 | ||
| 008 | 941103s1981 eng d | ||
| 020 | |a 0821816985 | ||
| 035 | |l 10043024 | ||
| 035 | |a 1993 | ||
| 040 | |a GR-MY-UA |b gre |e aacr | ||
| 041 | 0 | |a eng | |
| 082 | 0 | |a 515.35 |2 (19) | |
| 100 | 1 | |a Hale, Jack K. | |
| 245 | 1 | 0 | |a Topics in dynamic bifurcation theory / |c by Jack K. Hale |
| 260 | |a Providence, R.I. : |b Published for the Conference Board of the Mathematical Sciences by the American Mathematical Society, |c c1981 | ||
| 300 | |a iii, 84 p.; |b ill.; |c 26 cm | ||
| 490 | 1 | |a Regional conference series in mathematics |v ; 47 | |
| 500 | |a "Expository lectures from the CBMS regional conference, held at the University of Texas at Arlington, June 16-20, 1980" verso t.p | ||
| 504 | |a Bibliography: p. [77]-84 | ||
| 650 | 0 | 0 | |a Differential equations. |
| 650 | 0 | 0 | |a Nonlinear oscillations. |
| 650 | 0 | 0 | |a Bifurcation theory. |
| 710 | 2 | |a Conference Board of the Mathematical Sciences. | |
| 830 | 0 | |a Regional conference series in mathematics ; |v ; 47 | |
| 852 | |a INST |b SAMOS |e 19941103 |h 515.35 HAL |p 005300007444 |q 005300007444 |t BK |y 0 | ||
| 909 | |a Σ |b 033603 | ||